| 000 | 00598cam a22002054a 4500 | ||
|---|---|---|---|
| 005 | 20250605163443.0 | ||
| 008 | 250528s ||||||||||||||||||||||||d | ||
| 035 | _a19556 | ||
| 020 | _a9607510399 | ||
| 040 |
_aGR-AtMCL _bgre _dGR-AtMCL _eAACR2 |
||
| 245 | 1 | _aΕΠΙΣΤΗΜΗ ΚΑΙ ΤΕΧΝΟΛΟΓΙΑ ΤΩΝ ΜΕΤΑΛΛΙΚΩΝ ΥΛΙΚΩΝ | |
| 250 | _a1 | ||
| 260 |
_bΠαπασωτηρίου, _c2007 |
||
| 300 | _a641 | ||
| 700 | 1 | _aΠαντελης Δημητρης Ι | |
| 700 | 1 | _aΧρυσουλακης Γιαννης Δ | |
| 942 | _cBK | ||
| 999 |
_c4812 _d4812 |
||